00681cam a2200217 a 450000100100000000500170001000800410002702000150006804000340008308200170011710000330013424500700016726000320023730000280026949000290029750400300032665000220035665000260037870000280040483000310043200000527020200929151628.0940816s1992 sp 000 1 spa d a8437610796 aDO-SdBNPcTxHRdCUdNAlUdDLC a863.6bA973u1 aAyala, Francisco,d1906-200914aLos usurpadores /cFrancisco Ayala ; edición, Carolyn Richmond. aMadrid :bCátedra,c1992. a263 p. :bil. ;c18 cm.1 aLetras hispánicasv350 aBibliografía: p. 87-96. 4aNovela española 4aLiteratura española1 aRichmond, Carolyn,eed. 0aLetras hispánicas ;v350